Language Quiz

Random Language or Numbers Quiz

Numbers in French 1-10 Quiz Stats

 Plays Quiz not verified by Sporcle

Challenge
Share
Tweet
Embed
Score 0/10 Timer 01:00
0 Plays Today
English Number French Number % Correct
1Un
99.3%
2Deux
94.4%
3Trois
90.7%
4Quatre
83.9%
6Six
82.9%
7Sept
82.5%
5Cinq
82.4%
10Dix
79.5%
9Neuf
78.4%
8Huit
78.2%

You're not logged in!

Compare scores with friends on all Sporcle quizzes.
OR
Log In

You Might Also Like...

Show Comments

Extras

Top Quizzes Today


Score Distribution

Your Account Isn't Verified!

In order to create a playlist on Sporcle, you need to verify the email address you used during registration. Go to your Sporcle Settings to finish the process.

Report this User

Report this user for behavior that violates our Community Guidelines.

Details: